Global value chains in a postcrisis world a development perspective (Registro nro. 180574)

Detalles MARC
000 -ENCABEZADO
Número de control [NR] 01050 a2200265 4500
005 - FECHA Y HORA DE LA ÚLTIMA TRANSACCIÓN
control field 20140905105818.0
008 - DE LONGITUD FIJA DE DATOS DE ELEMENTOS - INFORMACIÓN GENERAL
Elementos de longitud fija [NR] 130912s2010 xxuad fr|||| 001 0 eng d
020 ## - NUMERO INTERNACIONAL NORMALIZADO PARA LIBROS [R]
Número Internacional Normalizado del libro [NR] 9780821384992
040 ## - FUENTE DE CATALOGACION [NR]
Agencia de catalogación original [NR] CO-BoUCM
Idioma de catalogación [NR] spa
Quien Cataloga Jose A. Gerena
Quien Clasifica Aldemar Mondragón
041 00 - CODIGO DE IDIOMA [R]
Código de idioma para texto/pista de sonido o título separado [R] Inglés
245 00 - MENCION DE TITULO [NR]
Título [NR] Global value chains in a postcrisis world a development perspective
Mención de responsabilidad, etc. [NR] editores Oliver Cattaneo, Gary Gereffi, Cornelia Staritz
260 ## - PUBLICACION, DISTRIBUCION, ETC. (PIE DE IMPRENTA) [R]
Fecha de publicación, distribución, etc. [R] 2010
Nombre del editor, distribuidor, etc. [R] World Bank Publications
Lugar de publicación, distribución, etc. [R] Washington
300 ## - DESCRIPCION FISICA [R]
Extensión [R] xxi, 391 páginas
Otros detalles físicos [NR] ilustraciones, cuadros y gráficas
490 ## - MENCION DE SERIE [R]
Mención de serie [R] Trade and development
504 ## - NOTA DE BIBLIOGRAFIA, ETC. [R]
Nota de bibliografía, etc. [NR] Incluye referencias bibliográficas e índices
650 #7 - ASIENTO SECUNDARIO DE MATERIA - TERMINO TEMATICO [R]
Término temático o nombre geográfico como elemento de entrada [NR] Comercio internacional
9 (RLIN) 11207
650 #7 - ASIENTO SECUNDARIO DE MATERIA - TERMINO TEMATICO [R]
Término temático o nombre geográfico como elemento de entrada [NR] Política comercial
9 (RLIN) 45068
650 #7 - ASIENTO SECUNDARIO DE MATERIA - TERMINO TEMATICO [R]
Término temático o nombre geográfico como elemento de entrada [NR] Relaciones internacionales
9 (RLIN) 45067
690 ## - ASUNTO AGREGADO LOCAL DE ENTRADA - TÉRMINO TEMÁTICO (OCLC, RLIN)
9 (RLIN) 42797
Acceso temático local Economía internacional
700 1# - ASIENTO SECUNDARIO - NOMBRE PERSONAL [R]
Nombre personal [NR] Cattaneo, Oliver
Término de relación [R] editor
9 (RLIN) 45021
700 1# - ASIENTO SECUNDARIO - NOMBRE PERSONAL [R]
Nombre personal [NR] Gereffi, Gary
Término de relación [R] editor
9 (RLIN) 45022
700 1# - ASIENTO SECUNDARIO - NOMBRE PERSONAL [R]
Nombre personal [NR] Staritz, Cornelia
Término de relación [R] editor
9 (RLIN) 45023
942 ## - ELEMENTOS DE ENTRADA AGREGADOS (KOHA)
Tema principal Economía
Tipo de ítem principal el descrito en 300a Libro
Edición 1
Prefijo de la signatura top. (colección) Colección - Referencia
Parte restante de la signatura top. G562
Sistema de clasificación DEWEY
Clasificación 337
Existencias
Fecha de último préstamo Total préstamos Signatura topográfica Código de barras Última vez visto Ejemplar Costo de reposición Price effective from Tipo de ítem Perdido Dañado No prestable Tipo de ítem específico Suprimido Ubicación habitual Ubicación actual Localización Fecha de creación Proveedor Forma de adquisición Costo
19/01/2021 1 R 337 G562 100136110 04/12/2025 Ej.1 76950.00 05/09/2013 Libro       Libro   Claustro Claustro Mezanine 05/09/2013 15 Compra 82000.00